000 00749nam a2200253 i 4500
001 bgj
100 1 _aWOOLF, Virginia.
245 1 0 _aAugenblicke :
_bSkizzierte Erinnerungen /
_cVirginia Woolf ; aus dem Englischen von Elizabeth Gilbert ; mit einem Essay von Hilde Spiel.
260 _aFrankfurt am Main :
_bFischer Taschenbuch Verlag,
_c1984.
300 _a263, [1] s. ;
_c18 cm.
490 1 _aFischer Taschenbücher
_v5789
650 9 _aLiteratura
700 1 _aGILBERT, Eizabeth.
700 1 _aSPIEL, Hilde.
830 _aFischer Taschenbücher
020 _a3596257891
040 _cBPK
041 0 _ager
044 _aDEU
080 _a82
920 _a3-596-25789-1
942 _cKS
008 s gw f |000 0 ger
999 _c50628
_d50628
856 _uhttp://koha.tu.koszalin.pl/cgi-bin/koha/opac-detail.pl?biblionumber=50628
_yKatalog online BPK